Movies Quiz

Random Movies or Disney Quiz

Color Crisis at Disney Quiz Stats

 Plays Quiz Updated Jun 21, 2018

Score 0/20 Timer 05:00
7 Plays Today
Question Answer Wrong Answers
Winnie-the-Pooh Red
97.1%
Pink
0.2%
Blue
0.5%
Black
0.1%
Lady and the Tramp Brown
97.1%
Grey
0.6%
Pink
0.2%
Green
0.1%
Frozen Orange
95.4%
Yellow
0.5%
Teal
1.1%
Pink
0.9%
Tangled Gold
95.1%
Purple
0.7%
Yellow
1.6%
Grey
0.6%
The Hunchback of Notre Dame Salmon
93.9%
Grey
1%
Brown
0.2%
Green
2.8%
Snow White and the Seven Dwarfs Red
91.3%
Yellow
4.4%
Green
0.5%
Blue
1.7%
The Jungle Book Orange
91.2%
Yellow
1.1%
Red
5.4%
Green
0.2%
Beauty and the Beast Blue
90.6%
Yellow
5.8%
Pink
1.1%
Green
0.3%
Fantasia Blue
90.5%
Red
2.3%
Purple
3.6%
Green
1.5%
Mulan Red
90.2%
Green
4%
Pink
2.1%
Teal
1.6%
The Emperor's New Groove Yellow
87.7%
Purple
5.2%
Pink
2.4%
Green
2.6%
The Little Mermaid Blue
82.3%
Salmon
3.5%
Grey
8.9%
Green
3.3%
Hercules Brown
81.6%
Purple
0.2%
Teal
0.1%
Yellow
16.1%
The Fox and the Hound Orange
78.7%
Yellow
3.1%
Red
10.2%
Grey
6%
The Lion King Brown
77.9%
Red
1.7%
Pink
1%
Yellow
17.5%
Wreck-It Ralph Brown
72%
Green
2%
Blue
5%
Black
18.9%
Pinocchio Blue
68.6%
Red
24%
Purple
1%
Green
4.3%
Saludos Amigos Green
67.6%
Purple
3%
Blue
11.6%
Black
15.6%
Aladdin Orange-y
67.6%
Green
0.3%
Salmon
17.1%
Brown
13%
Alice in Wonderland Purple
63.9%
Red
25.5%
Green
2.7%
Blue
5.9%

You're not logged in!

Compare scores with friends on all Sporcle quizzes.
OR
Log In

Sporcle TV

Today on Sporcle TV


Watch our educational content, quiz creation guides, and fun videos on Sporcle TV.

Show Comments

Extras

Top Quizzes Today


Score Distribution

Your Account Isn't Verified!

In order to create a playlist on Sporcle, you need to verify the email address you used during registration. Go to your Sporcle Settings to finish the process.

Report this User

Report this user for behavior that violates our Community Guidelines.

Details: